| 000 | 00804nam a2200265 i 4500 | ||
|---|---|---|---|
| 003 | DO-SdBNP | ||
| 005 | 20260420133544.0 | ||
| 007 | ta | ||
| 008 | 260420b2004 ag ||||| |||| 00| 0 spa d | ||
| 020 | _a9875570427 | ||
| 040 |
_aDO-SdBNP _bspa _cBNPHU _erda |
||
| 041 | _aspa | ||
| 082 | 4 |
_axxx _bxxx _222 |
|
| 100 |
_aBatista, José, _eautor _4aut. _953524 |
||
| 245 | 1 | 3 |
_aUn continent en busca de un líder / _cJosé Batista |
| 264 | 1 |
_aBuenos Aires, Argentina : _bEditorial Peniel, _c2004. |
|
| 300 |
_a152 páginas ; _c21 cm. |
||
| 336 |
_atexto _btxt _2rdacontent |
||
| 337 |
_asin mediación _bn _2rdamedia |
||
| 338 |
_avolumen _bnc _2rdacarrier |
||
| 500 | _aIncluye breve biografía del autor en la contracubierta | ||
| 590 | _aInventariado, 2026/BT | ||
| 910 | _aBtavárez | ||
| 942 |
_2ddc _cLBS1 |
||
| 999 |
_c60585 _d60585 |
||